İnsan Hakları Koordinatör Üst Kurulu'nın çalışmaları (Record no. 6874)

MARC details
000 -BAŞLIK
Sabit Uzunlukta Kontrol Alanı 01274na a2200265 4500
001 - KONTROL NUMARASI
Denetim Alanı 13329
003 - KONTROL NUMARASI IDENTIFIER
Denetim Alanı MIRAKIL
005 - SON İŞLEM TARİHİ VE ZAMANI
Denetim Alanı 20181213155122.0
008 - SABİT-BOY VERİ ELEMANLARI - GENEL BİLGİLER
Sabit Uzunlukta Kontrol Alanı 161011b tu 000 0
035 ## - SİSTEM KONTROL NUMARASI
Sistem Kontrol Numarası 13329
040 ## - KATALOGLAMA KAYNAK
Orijinal Kataloglama Ajansı Milas
Kataloglama Dili tur
Metne Dönüştürmek Ajansı TR-AnCHP
041 ## - DİL KODU
Metin / Ses Parça Veya Ayrı Başlığın Dil Kodu tur
082 ## - DEWEY ONLU SINIFLANDIRMA NUMARASI
Sınıflandırma Numarası 323.09561
Ürün Numarası I57 1998
090 ## - SINIFLAMA NUMARASI
Sınıflama Numarası 323.09561 I57 1998
245 ## - BAŞLIK TABLOSU
Başlık İnsan Hakları Koordinatör Üst Kurulu'nın çalışmaları
Başlığın Kalan insan hakları açısından kadının durumu, sorunları ve çözüm önerileri
Sorumluluk Tablosu, Vb İnsan Hakları Kordinatör Üst Kurulu
246 ## - UNVAN FORM VARYING
Başlık Doğru / Kısa Başlığı İnsan hakları açısından kadının durumu, sorunları ve çözüm önerileri
260 ## - YAYIN, DAĞITIM, VB
Yayın, Dağıtım, Vb Yeri Ankara
Yayıncı, Dağıtıcı, Vs Adı İnsan Hakları Kordinatör Üst Kurulu
Yayın, Dağıtım, Vb Tarihi 1998
300 ## - FİZİKSEL TANIM
Kapsam 4 c.
Diğer Fiziksel Ayrıntıları tbl.
Boyutlar 20 sm.
490 ## - SERİSİ TABLOSU
Seri Beyanı İnsan Hakları Kordinatör Üst Kurulu Yayınları
Hacim / Ardışık Tanımı 3
505 ## - BİÇİMLENDİRİLDİ İÇİNDEKİLER NOT
Biçimlendirilmiş İçeriği Dikkat c.1 Genel bilgiler ve basın açıklamaları. -- c.2 Kanun tasarıları, yönetmelikler, genelgeler, incelemeler ve adli rapor formları -- c.3 İnsan hakları açısından kadının durumu, sorunları ve çözüm önerileri. -- c.4 Bir insan hakkı olarak çevre hakkı ve uygulaması
650 ## - KONU KATMA GİRİŞ - TOPİKAL DÖNEM
Topikal Süreli Veya Coğrafi Ad Giriş Elemanı Medeni haklar
Genel Alt Bölümü Kadınlar
Coğrafi Alt Bölümü Türkiye
650 ## - KONU KATMA GİRİŞ - TOPİKAL DÖNEM
Topikal Süreli Veya Coğrafi Ad Giriş Elemanı Kadın hakları
Coğrafi Alt Bölümü Türkiye
650 ## - KONU KATMA GİRİŞ - TOPİKAL DÖNEM
Topikal Süreli Veya Coğrafi Ad Giriş Elemanı Kadın sorunu
Genel Alt Bölümü İnsan hakları
Coğrafi Alt Bölümü Türkiye
942 ## - EKLENDİ GİRİŞ ELEMANLARI (KOHA)
Sınıflandırma Veya Raf Düzeni Kaynak
Koha Öğesi Türü Books
999 ## - SİSTEM KONTROL NUMARALARI (KOHA)
Koha Biblionumber 6874
Koha Biblioitemnumber 6874
Holdings
Kalıcı Konum Mevcut Konum Edinme Tarihi Edinim Kaynak Toplam Check-Out'Lar Tam Çağrı Numarası Barkod Tarih Son Görülme İtibaren Geçerli Fiyatlar Koha Öğesi Türü
CHP Kütüphanesi CHP Kütüphanesi 08/13/2016 Bağış   323.09561 I57 1998 001125 08/13/2016 08/13/2016 Books